English Bands - Sudden Death - Statistics

General Stats
  • This quiz has been taken 1,371 times
    124 since last reset
  • The average score is 4 of 16
Answers on the Grid
Answers color-coded by a green-red scale on the quiz's grid according to % correct below.
Art Brut
The Specials
Cardiacs
Madness
Midnight Oil
Crowded House
Jet
Sex Pistols
Men at Work
The Jam
Divinyls
Buzzcocks
The Clean
Porcupine Tree
Soft Machine
Jamiroquai
The Undertones
Aslan
The Vaccines
Westlife
Thin Lizzy
The 1975
The Libertines
The Stunning
The Wombats
The Boomtown Rats
Boyzone
The Smiths
The Script
Caravan
 
Answer Stats
Answer % Correct
Sex Pistols
68%
The Smiths
56%
The Jam
38%
Madness
36%
The 1975
32%
The Libertines
30%
Jamiroquai
27%
The Specials
22%
The Wombats
21%
Buzzcocks
19%
The Vaccines
13%
Porcupine Tree
6%
Soft Machine
6%
Art Brut
3%
Caravan
3%
Cardiacs
2%
No matching quizzes found
Score Distribution
Percent of People with Each Score
Percentile by Number Answered
Your Score History
You have not taken this quiz since the last reset